| 000 | 01785nam a2200481 i 4500 | ||
|---|---|---|---|
| 001 | 32946 | ||
| 003 | KOSZ 005 | ||
| 005 | 20210308082603.0 | ||
| 008 | 210308s1997 pl a f f 001 0 pol | ||
| 015 | _aPB 1997/14420 | ||
| 020 | _a8320421977 | ||
| 040 |
_aWA N _cWA N _dKOSZ 005/RW |
||
| 046 | _k1997 | ||
| 080 | _a004.032.26 | ||
| 080 | _a007.5 | ||
| 080 | _a510.5 | ||
| 080 | _a519.7 | ||
| 080 | _a(075.8) | ||
| 100 | 1 |
_aOsowski, Stanisław _d(1948- ) _eAutor |
|
| 245 | 1 | 0 |
_aSieci neuronowe w ujęciu algorytmicznym / _cStanisław Osowski ; [recenzent: dr inż. Stanisław Jankowski]. |
| 250 | _aWydanie 2. | ||
| 260 |
_aWarszawa : _bWydawnictwa Naukowo-Techniczne, _c1997. |
||
| 300 |
_a349, [1] stron : _bfotografie, rysunki, wykresy ; _c24 cm + _edyskietka. |
||
| 336 |
_aTekst _btxt _2rdacontent |
||
| 337 |
_aBez urządzenia pośredniczącego _bn _2rdamedia |
||
| 338 |
_aWolumin _bnc _2rdacarrier |
||
| 380 | _aKsiążki | ||
| 380 | _aPublikacje dydaktyczne | ||
| 385 |
_mPoziom nauczania _aSzkoły wyższe |
||
| 388 | 1 | _a1901-2000 | |
| 388 | 1 | _a1989-2000 | |
| 504 | _aBibliografia na stronach [336]-343. Indeks. | ||
| 521 | 8 | _aKsiążka jest adresowana do studentów, doktorantów i pracowników nauki zainteresowanych neuronowymi metodami sztucznej inteligencji. | |
| 650 | 7 | _aSieci neuronowe | |
| 650 | 7 | _aAlgorytmy | |
| 650 | _aZastosowanie i wykorzystanie | ||
| 655 | _aPodręczniki akademickie | ||
| 658 | _aInformatyka i technologie informacyjne | ||
| 700 | 1 |
_aJankowski, Stanisław _d(1946- ) _eRecenzja |
|
| 710 | 2 |
_aWydawnictwa Naukowo-Techniczne _4pbl |
|
| 856 |
_uhttp://koha.tu.koszalin.pl/cgi-bin/koha/opac-detail.pl?biblionumber=32946 _yKatalog online BPK |
||
| 942 |
_2UKD _cKS |
||
| 999 |
_c32946 _d32946 |
||